Properties of kenaf fibre reinforced natural rubber composites (Record no. 65984)

MARC details
000 -LEADER
fixed length control field 00523nam a2200193Ia 4500
100 ## - MAIN ENTRY--AUTHOR NAME
Personal name Raju Gunasunderi
245 #0 - TITLE STATEMENT
Title Properties of kenaf fibre reinforced natural rubber composites
260 ## - PUBLICATION, DISTRIBUTION, ETC. (IMPRINT)
Name of publisher Journal of Rubber Research
Year of publication 2008
300 ## - PHYSICAL DESCRIPTION
Number of Pages 187-195
520 ## - SUMMARY, ETC.
Summary, etc DL
650 ## - SUBJECT ADDED ENTRY--TOPICAL TERM
Topical Term Composite
650 ## - SUBJECT ADDED ENTRY--TOPICAL TERM
Topical Term Dry bonding system
650 ## - SUBJECT ADDED ENTRY--TOPICAL TERM
Topical Term Kenaf bast fibre
650 ## - SUBJECT ADDED ENTRY--TOPICAL TERM
Topical Term Mechanical properties
700 ## - ADDED ENTRY--PERSONAL NAME
Personal name Mazam Md Said
700 ## - ADDED ENTRY--PERSONAL NAME
Personal name Md Aris Ahmad
942 ## - ADDED ENTRY ELEMENTS (KOHA)
Koha item type Journals
Holdings
Withdrawn status Lost status Damaged status Not for loan Home library Current library Shelving location Date acquired Serial Enumeration / chronology Koha item type
      Journals RRII Library RRII Library Rubber technology 23/01/2009 Volume 11, Issue 4 Journals